Statistics for Tegucigalpa JetPunk Type-Ins

Click here to take the quiz!

General Stats

  • This quiz has been taken 63 times
  • The average score is 4 of 60

Answer Stats

Type-Ins% Correct
Tegucigalpa
98%
Tagucigalpa
39%
Tegucegalpa
21%
Tagucigelpa
20%
Tegucigelpa
20%
Tegucigulpa
16%
Tegucagalpa
14%
Tegucigilpa
14%
Tagucegalpa
13%
Tagucigilpa
13%
Tagucigulpa
11%
Tegucegelpa
11%
Tegucigolpa
11%
Tagucagalpa
9%
Tagucigolpa
9%
Tagucegelpa
7%
Tegucagelpa
7%
Tagucagelpa
5%
Tagucegilpa
5%
Tegucagolpa
5%
Tegucagilpa
4%
Tegucagulpa
4%
Tegucegilpa
4%
Tegucegulpa
4%
Tagucagilpa
2%
Tagucagulpa
2%
Tagucegolpa
2%
Tagucegulpa
2%
Tegucegolpa
2%
Tagucagolpa
0%
Tagucalgalpa
0%
Tagucalgelpa
0%
Tagucalgilpa
0%
Tagucalgolpa
0%
Tagucalgulpa
0%
Tagucelgalpa
0%
Tagucelgelpa
0%
Tagucelgilpa
0%
Tagucelgolpa
0%
Tagucelgulpa
0%
Tagucilgalpa
0%
Tagucilgelpa
0%
Tagucilgilpa
0%
Tagucilgolpa
0%
Tagucilgulpa
0%
Tegucalgalpa
0%
Tegucalgelpa
0%
Tegucalgilpa
0%
Tegucalgolpa
0%
Tegucalgulpa
0%
Tegucelgalpa
0%
Tegucelgelpa
0%
Tegucelgilpa
0%
Tegucelgolpa
0%
Tegucelgulpa
0%
Tegucilgalpa
0%
Tegucilgelpa
0%
Tegucilgilpa
0%
Tegucilgolpa
0%
Tegucilgulpa
0%

Score Distribution

Percentile by Number Answered

Percent of People with Each Score

Your Score History

You have not taken this quiz